| Tag |
First Indicator |
Second Indicator |
Subfields |
| LEADER |
00000ctm a2200000Ia 4500 |
| 001 |
in00001597656 |
| 005 |
20151022172452.0 |
| 007 |
he bmb024baca |
| 008 |
990322s1998 xx a bb 000 0 eng d |
| 035 |
|
|
|a (OCoLC)ocm41012524
|
| 037 |
|
|
|a PSY 2013
|b Microform Publications
|
| 040 |
|
|
|a ORU
|c PSM
|d PSM
|d HPE
|d UtOrBLW
|
| 049 |
|
|
|a TXAM
|
| 090 |
|
|
|a BF637.S38
|b M34 1998a
|
| 092 |
|
|
|a 158.1
|
| 100 |
1 |
|
|a Magyar, Tina Michelle.
|
| 245 |
1 |
0 |
|a Temporal impact of goal orientations, social support, and sources of self-efficacy on efficacy restoration from athletic injuries /
|c by Tina Michelle Magyar.
|
| 264 |
|
1 |
|a [Place of publication not identified] :
|b [publisher not identified] ;
|c 1998.
|
| 300 |
|
|
|a viii, 113 leaves :
|b illustrations
|
| 336 |
|
|
|a text
|b txt
|2 rdacontent
|
| 337 |
|
|
|a microform
|b h
|2 rdamedia
|
| 338 |
|
|
|a microfiche
|b he
|2 rdacarrier
|
| 502 |
|
|
|b M.S.
|c Purdue University
|d 1998.
|
| 504 |
|
|
|a Includes bibliographical references (leaves 92-103).
|
| 533 |
|
|
|a Microfiche.
|b Eugene :
|c Microform Publications, University of Oregon,
|d 1998.
|e 2 microfiches : negative.
|n "UO 98 298--UO 98 299."
|
| 500 |
|
|
|a Microform.
|
| 650 |
|
0 |
|a Sports injuries
|x Patients
|x Rehabilitation
|x Psychological aspects.
|
| 650 |
|
0 |
|a Rehabilitation
|x Psychological aspects.
|
| 650 |
|
0 |
|a Goal (Psychology)
|
| 650 |
|
0 |
|a Self-efficacy.
|
| 650 |
|
0 |
|a College athletes
|x Social networks.
|
| 650 |
|
0 |
|a College athletes
|x Psychology.
|
| 994 |
|
|
|a 92
|b TXA
|
| 948 |
|
|
|a cataloged
|b h
|c 2001/3/5
|d c
|e blrosas
|f 10:46:56 am
|
| 999 |
|
|
|a MARS
|
| 999 |
f |
f |
|s b6a91be4-c906-3828-9eba-5342cfd0eb73
|i 3354769a-c723-31c2-954c-50af687525ff
|t 0
|
| 952 |
f |
f |
|p normal
|a Texas A&M University
|b College Station
|c Sterling C. Evans Library
|d Evans: Microforms Fiche (3rd floor)
|t 0
|e BF637.S38 M34 1998a
|h Library of Congress classification
|i microform -- microfiche
|m A14827381563
|
| 998 |
f |
f |
|a BF637.S38 M34 1998a
|t 0
|l Evans: Microforms Fiche (3rd floor)
|